| 000 | 02617nam a22002297a 4500 | ||
|---|---|---|---|
| 003 | UA-OsUOA | ||
| 005 | 20220504214751.0 | ||
| 008 | 220504b un ||||| m||| 00| 0 ukr d | ||
| 040 |
_aUA-OsUOA _bukr _cUA-OsUOA _dUA-OsUOA |
||
| 041 | _aukr | ||
| 080 | _a343.37 | ||
| 090 | _a343.37 | ||
| 095 |
_a12.00.08 _bкримінальне право і кримінологія; кримінально-виконавче право |
||
| 100 | _aТихонова О.В. | ||
| 245 |
_aКримінальна відповідальність за порушення законодавства про бюджетну систему України _cТихонова Олена Вікторівна; наук. керівник Осадчий Володимир Іванович |
||
| 260 |
_aКиїв _c2009 |
||
| 300 | _a20 с. | ||
| 502 |
_6Автореферат дисертації на здобуття наукового ступеня кандидата юридичних наук
_cКиївський національний університет внутрішніх справ _d2009 |
||
| 520 | _aДисертацію присвячено розв’язанню проблем кримінальної відповідальності за порушення законодавства про бюджетну систему України. Проаналізовано розвиток кримінального законодавства, що діяло на теренах України, та зарубіжного кримінального законодавства, яке встановлює кримінальну відповідальність за порушення законодавства про бюджетну систему. Детально розглянуто об'єктивні та суб'єктивні ознаки складу досліджуваного злочину. Доведено необхідність зміни назви статті та вдосконалено формулювання об'єктивних проявів злочину, передбаченого ст. 210 КК України. Обґрунтовано нове визначення предмета цього злочину та аргументовано необхідність заміни покарань, пов'язаних з впливом на волю особи, на покарання економічного характеру, які визначені в санкції зазначеної статті. | ||
| 650 |
_2UDC _a34 Право |
||
| 942 |
_2udc _cAR |
||
| 999 |
_c572451 _d572451 |
||